Od rozpadu Česko-Slovenska do uznání československé prozatímní vlády 1939-1940 ; Zápisy ze zasedání Československého národního výboru 1939-1940 / Ústav mezinárodních vztahů, Univerzita Karlova v Praze, Historický ústav Akademie věd ČR ; k vydání připravili Jan Kuklík ... [et al.]
Record details
- ISBN: 80-85864-63-0 (Ústav mezinárodních vztahů : váz.)
- ISBN: 80-7184-838-7 (Karolinum : váz.)
- Physical Description: 349 s. ; 25 cm
- Publisher: Praha : Ústav mezinárodních vztahů : 1999
Content descriptions
| Bibliography, etc. Note: | Obsahuje bibliografické odkazy a rejstřík |
Search for related items by series
Available copies
- 1 of 1 copy available at Common Catalog SPOK.
Holds
- 0 current holds with 1 total copy.
Other Formats and Editions
Show Only Available Copies
| Location | Call Number / Copy Notes | Barcode | Shelving Location | Status | Due Date |
|---|---|---|---|---|---|
| Terezin Initiative Institute | 5515 | 4594305515 | Knihovna ITI | Available | - |
| LDR | 02345nam a2200517 a 4500 | ||
|---|---|---|---|
| 001 | 26375 | ||
| 003 | CZ-PrJAB | ||
| 005 | 20221124085903.0 | ||
| 008 | 990927s1999 xr gr 001 0 cze | ||
| 015 | . | ‡acnb000738746 | |
| 020 | . | ‡a80-85864-63-0 (Ústav mezinárodních vztahů : váz.) | |
| 020 | . | ‡a80-7184-838-7 (Karolinum : váz.) | |
| 035 | . | ‡a(CONS)1186 | |
| 035 | . | ‡a(CZ PrSKC)cpk19990738746 | |
| 035 | . | ‡a(OCoLC)81511001 | |
| 040 | . | ‡aABA001 ‡bcze | |
| 080 | . | ‡a341.71 ‡2MRF | |
| 080 | . | ‡a323.25/.26 ‡2MRF | |
| 080 | . | ‡a328.13 ‡2MRF | |
| 080 | . | ‡a(093.2) ‡2MRF | |
| 245 | 0 | 0. | ‡aOd rozpadu Česko-Slovenska do uznání československé prozatímní vlády 1939-1940 ; ‡bZápisy ze zasedání Československého národního výboru 1939-1940 / ‡cÚstav mezinárodních vztahů, Univerzita Karlova v Praze, Historický ústav Akademie věd ČR ; k vydání připravili Jan Kuklík ... [et al.] |
| 260 | . | ‡aPraha : ‡bÚstav mezinárodních vztahů : ‡bKarolinum, ‡c1999 | |
| 300 | . | ‡a349 s. ; ‡c25 cm | |
| 490 | 1 | . | ‡aDokumenty československé zahraniční politiky |
| 504 | . | ‡aObsahuje bibliografické odkazy a rejstřík | |
| 700 | 1 | . | ‡aKuklík, Jan, ‡d1940-2009 ‡7jk01070770 ‡4edt |
| 710 | 2 | . | ‡aHistorický ústav (Akademie věd ČR) ‡7kn20010711013 |
| 710 | 2 | . | ‡aUniverzita Karlova ‡7kn20010710036 |
| 710 | 2 | . | ‡aÚstav mezinárodních vztahů ‡7kn20020321441 |
| 740 | 0 | 2. | ‡aZápisy ze zasedání Československého národního výboru 1939-1940 |
| 830 | 0. | ‡aDokumenty československé zahraniční politiky | |
| 852 | 4 | . | ‡bJACH-ITI ‡bJACH-ITI ‡cKnihovna ITI ‡j5515 ‡p5515 ‡y$0.00 |
| 910 | . | ‡aABE340 ‡b5515 | |
| 995 | . | ‡askok | |
| 901 | . | ‡a26375 ‡bISxN ‡c26375 ‡tbiblio | |